000 01323nam a22002537a 4500
001 2952
003 HMS
005 20251113163356.0
008 251113e2011 cl |||gr|||| 00| f spa
020 _a9788420417196
040 _ahms
_bspa
_chms
082 0 4 _a894.54123 K43
100 1 _aKettu, Katja,
_d1978-
_eautora
_94748
245 1 3 _aLa comadrona /
_cKatja Kettu ; traducción de Dulce Fernández Anguita.
_h[libro]
246 3 0 _aKätilö
250 _ajulio 2014
260 _aMadrid, España :
_bAlfaguara,
_c2011
300 _a408 páginas
500 _aIncluye índice
520 _a"Laponia, 1944: hasta los rincones más inhóspitos de Finlandia llegan los ecos de la Segunda Guerra Mundial. Por las venas de la comadrona fluye sangre de un padre comunista salvajemente represaliado. Desde su infancia vive aislada de una sociedad que la desprecia. Pero su mundo sufre un vuelco cuando un enigmático oficial alemán de la SS la descubre con un cordón umbilical entre los dientes: es la primera vez que alguien la mira de verdad. Su amor la impulsa a seguir a Johannes hasta el campo de prisioneros al que ha sido enviado y más allá. Hasta la muerte si es necesario." -- contra portada
650 7 _aNovelas finlandesas
_94749
650 7 _aHistorias de amor finlandesas
_94750
942 _2ddc
_cCOL GRAL
_n0
999 _c2952
_d2952